Smallest Provinces of the Philippines - Statistics

General Stats
  • This quiz has been taken 79 times
  • The average score is 6 of 10
Answer Stats
Area km2 Province % Correct
219.01 Batanes
86%
1,087.40 Tawi- tawi
86%
337.49 Siquijor
70%
237.95 Camiguin
67%
536.01 Biliran
62%
1,327.23 Basilan
61%
952.58 Marinduque
61%
604.57 Guimaras
58%
1,036.34 Dinagat Islands
55%
1,191.94 Rizal
33%
No matching quizzes found
Score Distribution
Percent of People with Each Score
Percentile by Number Answered
Your Score History
You have not taken this quiz